Normal view
MARC view
- الحسني، أحمد بن محمد بن الصديق الغماري ؛ اشراف: علوي بن حامد بن محمد بن شهاب الدين
Entry Personal Name
001 - CONTROL NUMBER
- control field: 12850
003 - CONTROL NUMBER IDENTIFIER
- control field: JO-AjAnu
005 - DATE AND TIME OF LATEST TRANSACTION
- control field: 20230606072346.0
008 - FIXED-LENGTH DATA ELEMENTS
- fixed length control field: 230606|| aca||aabn | a|a d
040 ## - CATALOGING SOURCE
- Original cataloging agency: JO-AjAnu
- Transcribing agency: JO-AjAnu
100 ## - HEADING--PERSONAL NAME
- Personal name: الحسني، أحمد بن محمد بن الصديق الغماري ؛ اشراف: علوي بن حامد بن محمد بن شهاب الدين
670 ## - SOURCE DATA FOUND
- Source citation: Work cat.: (JO-AjAnu)6613: الحسني، أحمد بن محمد بن الصديق الغماري ؛ اشراف: علوي بن حامد بن محمد بن شهاب الدين, author, فتح الملك العلي بصحة حديث باب مدينة العلم علي